000 00880nam a2200253Ia 4500
003 OSt
005 20220923213804.0
006 a|||||r|||| 00| 0
007 ta
008 220922b |||||||| |||| 00| 0 hin d
024 _a164,531
037 _cTextual
040 _aARTS
_cARTS
_bhin
041 _2hin
_ahin
082 _aO152,1N247x, K9
100 _aमिश्र, रामदरश
_9156318
245 0 _aएक गयी है धूप
246 _aEk gayī hai dhūpa
260 _aदिल्ली
_b भारतीय ज्ञानपीठ प्रकाशन
_c1969
490 _aज्ञानपीठ लोकोदय ग्रंथमाला; 289
650 _aहिन्दी साहित्य
_9156264
942 _hO152,1N247x, K9
_cTEXL
_2CC
999 _c319011
_d319011